000 00911nam a2200265Ia 4500
003 OSt
005 20220923225511.0
006 a|||||r|||| 00| 0
007 ta
008 220922b |||||||| |||| 00| 0 hin d
024 _a269,470
037 _cTextual
040 _aARTS
_cARTS
_bhin
041 _2hin
_ahin
082 _aQ3:51, L3
100 _aशर्मा, मनोहर, संपा.
_9156274
245 0 _aआध्यात्मिक आलोक
246 _aĀdhyātmik āloka
260 _aबीकानेर
_b श्री साधुमार्गी जैन बीकानेर श्रावक संघ
_c1973
300 _a115पृ.
_ccm.
500 _aD S Kothari Collection
650 _aज्ैन् ध्ज्ञमर््
942 _hQ3:51, L3
_cTEXL
_2CC
999 _c378639
_d378639